000 00763cam a2200301 i 4500
001 0000823
003 DO-SdBNP
005 20180212112508.0
007 0000823
008 100514s 1993 sp a | |||| 000 f spa
015 _a
017 _a
_b
020 _a8434838729
035 _a
040 _aBPMSU
_bspa
_cBPMSU
_e
080 _a
100 1 _aNadja
240 1 _aMomo ouvre un magasin /
245 1 3 _aEl chiringuito de Momo /
_h
_cNadja ; traducción Cristina M. Aceña
260 _aMadrid :
_bSm,
_c1993.
300 _a31 p.:
_bil.
_c19 cm.
490 1 _aLos piratas
_v11
700 1 2 _aAceña, Cristina M.
_etrad.
830 0 _aLos piratas
_n11
942 _2ddc
_cBK
945 _aInventariado, 2018/ YL
956 _aYLOCKWARD
_cBPMSU
_b10
999 _c12133
_d12133